000 00723nam a22002057a 4500
999 _c8353
_d8353
003 AR-CdUCM
008 190325b ||||| |||| 00| 0 spa d
040 _aMUNICIPALIDAD PROVINCIAL DEL CUSCO
_cBIBLIOTECA MUNICIPAL DEL CUSCO
082 _a082 /
_bG42
100 _aGhiano, Juan Carlos
_914449
245 _aTestimonio de la novela argentina /
260 _aBuenos Aires :
_bLeviatán,
_c1956.
300 _a187 páginas ;
_c20 cm.
505 _aContenido : Cronología de crisis -- Los protagonistas -- Espacio y tiempo -- La Gauchesca -- Payró y el nieto de Juan Moreira...
650 _aNovela argentina
_99108
650 _aLiteratura
_9416
650 _aAnálisis
_92730
942 _2ddc
_cLIBROS
945 _admma